[Event "Quebec op"]
[Site "Montreal CAN"]
[Date "2016.07.28"]
[Round "7.19"]
[White "Bouchard, Jean-Marc"]
[Black "Barre, Michel"]
[Result "1-0"]
[WhiteElo "1866"]
[BlackElo "1942"]
[PlyCount "55"]
[EventDate "2016.07.23"]
[EventType "swiss"]
[EventRounds "8"]
[EventCountry "CAN"]

1. e4 d5 2. exd5 Qxd5 3. Nf3 Bg4 4. Be2 Nf6 5. d4 e6 6. O-O Nc6 7. c4 Qf5 8.
Be3 Bd6 9. c5 Be7 10. Qb3 Rb8 11. Nbd2 Nd5 12. h3 h5 13. Bd3 Nxe3 14. Bxf5 Nxf1
15. Be4 Bxf3 16. Nxf3 O-O 17. Bxc6 bxc6 18. Qc3 Bf6 19. Kxf1 Rfd8 20. Re1 Rd5
21. Re4 Rbd8 22. g3 g6 23. Ne5 Bxe5 24. dxe5 Rd2 25. Re2 Rd1+ 26. Kg2 R8d5 27.
Qa5 Kg7 28. Qxa7 1-0

[Event "Quebec op"]
[Site "Montreal CAN"]
[Date "2016.07.28"]
[Round "7.20"]
[White "Keesal, Sheldon"]
[Black "Goldner, John"]
[Result "1-0"]
[WhiteElo "2043"]
[BlackElo "1818"]
[PlyCount "61"]
[EventDate "2016.07.23"]
[EventType "swiss"]
[EventRounds "8"]
[EventCountry "CAN"]

1. e4 c5 2. Nf3 Nc6 3. d4 cxd4 4. Nxd4 Nf6 5. Nc3 e5 6. Ndb5 d6 7. Nd5 Nxd5 8.
exd5 Ne7 9. c4 Nf5 10. Bd3 a6 11. Nc3 Be7 12. O-O Rb8 13. f4 g6 14. Kh1 Bf6 15.
Ne4 Bg7 16. fxe5 Bxe5 17. Bg5 f6 18. Bf4 O-O 19. Bxe5 fxe5 20. Qd2 Kg7 21. a4
b6 22. Qb4 Qh4 23. Rf3 Qe7 24. g4 a5 25. Qa3 Rd8 26. gxf5 Bxf5 27. Raf1 Qh4 28.
Nxd6 Rxd6 29. Qxd6 Rd8 30. Qxe5+ Kg8 31. Bxf5 1-0

[Event "Quebec op"]
[Site "Montreal CAN"]
[Date "2016.07.28"]
[Round "7.21"]
[White "Forget, Luc"]
[Black "Saine, Zachary"]
[Result "1/2-1/2"]
[WhiteElo "1986"]
[BlackElo "1680"]
[PlyCount "116"]
[EventDate "2016.07.23"]
[EventType "swiss"]
[EventRounds "8"]
[EventCountry "CAN"]

1. d4 d5 2. Nf3 e6 3. c4 c6 4. Nc3 dxc4 5. a4 Bb4 6. g3 Nf6 7. Bg2 Nbd7 8. O-O
Nd5 9. Qc2 O-O 10. Bg5 Be7 11. Bxe7 Qxe7 12. a5 N7f6 13. Ne5 Rd8 14. Ne4 Nxe4
15. Bxe4 Nf6 16. e3 Nxe4 17. Qxe4 Qb4 18. Qc2 c5 19. Ra4 Qb3 20. Qxb3 cxb3 21.
dxc5 Rd5 22. Rd4 f6 23. Rxd5 exd5 24. Nf3 Bf5 25. Nd4 Bd3 26. Rc1 Bc4 27. Nf5
Bd3 28. Ne7+ Kf7 29. Nxd5 Bc2 30. Nb4 Rc8 31. c6 Be4 32. Rc3 bxc6 33. Na6 Bd5
34. Nc5 Re8 35. Kf1 f5 36. Ke2 g5 37. Kd2 Rb8 38. a6 Rb6 39. Kd3 Ke7 40. e4
fxe4+ 41. Nxe4 Rxa6 42. Nd2 Rb6 43. Rc5 a6 44. Ra5 g4 45. Kc3 Ke6 46. Ra4 h5
47. h3 Kf5 48. hxg4+ hxg4 49. Nf1 Kg5 50. Ne3 Be6 51. Kd4 Bc8 52. Kc5 Rb7 53.
Rd4 Rf7 54. Nd1 Rf6 55. Rb4 Bf5 56. Ne3 Be6 57. Nd1 Bf5 58. Ne3 Be6 1/2-1/2

[Event "Quebec op"]
[Site "Montreal CAN"]
[Date "2016.07.28"]
[Round "7.22"]
[White "Lafleche, Alain"]
[Black "Steinberg, Ellis"]
[Result "0-1"]
[WhiteElo "1749"]
[BlackElo "1581"]
[PlyCount "94"]
[EventDate "2016.07.23"]
[EventType "swiss"]
[EventRounds "8"]
[EventCountry "CAN"]

1. e4 g6 2. d4 d6 3. Nc3 c6 4. Be3 Bg7 5. Qd2 b5 6. O-O-O Qa5 7. Kb1 Nd7 8. f3
Nb6 9. g4 Nc4 10. Bxc4 bxc4 11. h4 Rb8 12. Nce2 Qxd2 13. Rxd2 h5 14. g5 e6 15.
Nh3 Ne7 16. Nf2 O-O 17. c3 d5 18. Bf4 Rb7 19. Bd6 Rd8 20. Bc5 Rdd7 21. Bxe7
Rxe7 22. e5 Rb5 23. Kc2 Reb7 24. Rb1 Bf8 25. Rdd1 R7b6 26. Nc1 Ba3 27. b3 cxb3+
28. Rxb3 Rxb3 29. axb3 c5 30. Ncd3 c4 31. bxc4 dxc4 32. Nb4 a5 33. Ra1 axb4 34.
cxb4 Bxb4 35. Ra8 Rc6 36. Ne4 Kg7 37. Nd6 Bxd6 38. exd6 Bd7 39. Ra4 Rxd6 40.
Rxc4 Rc6 41. Rxc6 Bxc6 42. f4 Kf8 43. Kd3 Ke7 44. Kc3 Kd6 45. Kc4 Bd5+ 46. Kb4
Bg2 47. Kc3 Kd5 0-1

[Event "Quebec op"]
[Site "Montreal CAN"]
[Date "2016.07.29"]
[Round "8.2"]
[White "Soudre, Nicolas"]
[Black "Sambuev, Bator"]
[Result "0-1"]
[WhiteElo "2084"]
[BlackElo "2554"]
[PlyCount "88"]
[EventDate "2016.07.23"]
[EventType "swiss"]
[EventRounds "8"]
[EventCountry "CAN"]

1. e4 e6 2. d4 d5 3. Nc3 Bb4 4. e5 c5 5. a3 Ba5 6. b4 cxd4 7. Qg4 Ne7 8. bxa5
dxc3 9. Qxg7 Rg8 10. Qxh7 Nbc6 11. Nf3 Qc7 12. Bf4 Bd7 13. a6 O-O-O 14. axb7+
Kb8 15. Qd3 Rg4 16. g3 Ng6 17. Qxc3 Nxf4 18. h3 Nxh3 19. Rxh3 Re4+ 20. Kd1 Qb6
21. Rh2 d4 22. Qb3 Nxe5 23. Qxb6 axb6 24. Nxe5 Rxe5 25. Bd3 Bc6 26. Kd2 Kxb7
27. Rh7 Rd7 28. Rg7 Rh5 29. Re1 Kc7 30. f4 Kd6 31. g4 Rh4 32. Kc1 Bf3 33. Be2
Bd5 34. Bd3 Rc7 35. Kb2 Bf3 36. Rg1 Rh2 37. Rg3 Bd1 38. Kb1 Rf2 39. Rg1 Bxc2+
40. Bxc2 Rcxc2 41. Rxf7 Rb2+ 42. Ka1 Ra2+ 43. Kb1 Rfb2+ 44. Kc1 d3 0-1

[Event "Quebec op"]
[Site "Montreal CAN"]
[Date "2016.07.29"]
[Round "8.4"]
[White "Lopez Linares, Lizandro"]
[Black "Barbeau, Sylvain"]
[Result "0-1"]
[WhiteElo "1984"]
[BlackElo "2313"]
[PlyCount "56"]
[EventDate "2016.07.23"]
[EventType "swiss"]
[EventRounds "8"]
[EventCountry "CAN"]

1. d4 d6 2. Nf3 g6 3. Bf4 f5 4. c4 Nf6 5. Nc3 Bg7 6. e3 O-O 7. Qc2 Nc6 8. O-O-O
Nh5 9. c5 Kh8 10. Qb3 a6 11. d5 Nb8 12. Ng5 Nd7 13. Na4 Ndf6 14. Be2 h6 15. Ne6
Bxe6 16. dxe6 Nxf4 17. exf4 Ne4 18. Bf3 b5 19. cxb6 cxb6 20. Bxe4 fxe4 21. Kb1
Rxf4 22. Qe3 Rf5 23. Rd2 Rb8 24. Rhd1 Re5 25. Nc3 Qc8 26. Nd5 Qxe6 27. Nxb6 Rb5
28. Na4 Qc4 0-1

[Event "Quebec op"]
[Site "Montreal CAN"]
[Date "2016.07.29"]
[Round "8.5"]
[White "Voskanyan, Vahagn"]
[Black "Rodrigue-Lemieux, Shawn"]
[Result "1-0"]
[WhiteElo "2208"]
[BlackElo "2003"]
[PlyCount "69"]
[EventDate "2016.07.23"]
[EventType "swiss"]
[EventRounds "8"]
[EventCountry "CAN"]

1. Nf3 Nf6 2. c4 e6 3. b3 d5 4. e3 Bd6 5. Bb2 O-O 6. Be2 Nbd7 7. d4 c6 8. Nbd2
Ne4 9. Nxe4 dxe4 10. Nd2 f5 11. Qc2 a5 12. c5 Bc7 13. O-O-O Nf6 14. Nc4 Nd5 15.
a3 Bd7 16. Kb1 Be8 17. h4 Nf6 18. h5 Bf7 19. Rdg1 g5 20. hxg6 Bxg6 21. g4 f4
22. g5 Nd5 23. Bh5 Qe8 24. Bxg6 Qxg6 25. Rh6 Qf5 26. g6 Rf6 27. gxh7+ Kh8 28.
Rhh1 Rf7 29. f3 exf3 30. e4 Qf6 31. exd5 cxd5 32. Ne5 Bxe5 33. dxe5 Qe7 34. Qg6
f2 35. Qg8+ 1-0

[Event "Quebec op"]
[Site "Montreal CAN"]
[Date "2016.07.29"]
[Round "8.7"]
[White "Libersan, Thierry"]
[Black "Wenaas, Eric"]
[Result "1/2-1/2"]
[WhiteElo "2043"]
[BlackElo "2156"]
[PlyCount "35"]
[EventDate "2016.07.23"]
[EventType "swiss"]
[EventRounds "8"]
[EventCountry "CAN"]

1. e4 e5 2. Nf3 Nc6 3. Bc4 Bc5 4. c3 Nf6 5. d3 d6 6. Bb3 O-O 7. O-O Bb6 8. Nbd2
Be6 9. Bxe6 fxe6 10. Nc4 Qe7 11. Qe2 Rae8 12. a4 a5 13. Nxb6 cxb6 14. Bg5 d5
15. Bh4 Qc5 16. Bg3 Nd7 17. Rfe1 b5 18. d4 1/2-1/2

[Event "Quebec op"]
[Site "Montreal CAN"]
[Date "2016.07.29"]
[Round "8.8"]
[White "Robichaud, Louis"]
[Black "Caire, Francois"]
[Result "1-0"]
[WhiteElo "2056"]
[BlackElo "2161"]
[PlyCount "55"]
[EventDate "2016.07.23"]
[EventType "swiss"]
[EventRounds "8"]
[EventCountry "CAN"]

1. e4 c6 2. d3 d5 3. Nd2 g6 4. g3 Bg7 5. Bg2 e5 6. Ngf3 Ne7 7. O-O O-O 8. Re1
d4 9. c3 dxc3 10. Nc4 cxb2 11. Bxb2 f6 12. d4 Be6 13. Qc2 exd4 14. Nxd4 Bf7 15.
Rad1 Qc7 16. Bh3 Kh8 17. Ne6 Bxe6 18. Bxe6 Ng8 19. e5 b5 20. exf6 Nxf6 21. Ne5
Na6 22. Nd7 c5 23. Be5 Qa5 24. Qb2 Nh5 25. g4 Bxe5 26. Qxe5+ Ng7 27. Nxf8 Rxf8
28. Rd7 1-0

[Event "Quebec op"]
[Site "Montreal CAN"]
[Date "2016.07.29"]
[Round "8.9"]
[White "Berube, Antoine"]
[Black "Malek, Omid"]
[Result "1/2-1/2"]
[WhiteElo "2129"]
[BlackElo "2053"]
[PlyCount "122"]
[EventDate "2016.07.23"]
[EventType "swiss"]
[EventRounds "8"]
[EventCountry "CAN"]

1. d4 Nf6 2. c4 e6 3. Nf3 Bb4+ 4. Nbd2 O-O 5. a3 Be7 6. e3 d5 7. Bd3 b6 8. O-O
Bb7 9. Qc2 Nbd7 10. e4 dxe4 11. Nxe4 c5 12. Rd1 Qe8 13. Nfg5 Nxe4 14. Bxe4 Bxe4
15. Qxe4 Nf6 16. Qe2 cxd4 17. Rxd4 h6 18. Ne4 Qc6 19. Bf4 Nxe4 20. Qxe4 Qxe4
21. Rxe4 Bf6 22. Re2 Rac8 23. Rc1 Rfd8 24. Rec2 Rd3 25. Kf1 Rb3 26. Rb1 Bd4 27.
a4 e5 28. Bd2 a6 29. Ke2 b5 30. axb5 axb5 31. c5 Rxc5 32. Rxc5 Bxc5 33. Rc1 Bd4
34. Bc3 Bxc3 35. bxc3 Rb2+ 36. Ke3 f5 37. g3 Kf7 38. c4 Rb3+ 39. Kd2 bxc4 40.
Rxc4 Ke6 41. Ke2 Rb6 42. Ra4 g5 43. Kf3 g4+ 44. Kg2 Kf6 45. h3 h5 46. Ra8 f4
47. hxg4 hxg4 48. gxf4 exf4 49. Rf8+ Kg5 50. Rg8+ Rg6 51. Rf8 Rf6 52. Rg8+ Kf5
53. Ra8 Kg5 54. Rg8+ Rg6 55. Rf8 Rh6 56. Ra8 f3+ 57. Kg1 Rg6 58. Rb8 Kf4 59.
Rf8+ Kg5 60. Rb8 Rh6 61. Ra8 Rh7 1/2-1/2

[Event "Quebec op"]
[Site "Montreal CAN"]
[Date "2016.07.29"]
[Round "8.10"]
[White "Prahov, Valentin"]
[Black "Trahan, Daniel"]
[Result "1/2-1/2"]
[WhiteElo "2188"]
[BlackElo "1962"]
[PlyCount "144"]
[EventDate "2016.07.23"]
[EventType "swiss"]
[EventRounds "8"]
[EventCountry "CAN"]

1. e4 c5 2. d4 cxd4 3. c3 Nf6 4. Bd3 dxc3 5. Nxc3 Nc6 6. Nf3 d6 7. O-O e6 8.
Qe2 Be7 9. Rd1 Bd7 10. Bf4 e5 11. Bg5 O-O 12. h3 Be6 13. Rac1 Rc8 14. a3 Qa5
15. Bd2 Qb6 16. Na4 Qd8 17. Bg5 Qa5 18. Nc3 Rfe8 19. Bb1 Nd4 20. Nxd4 exd4 21.
Bxf6 Bxf6 22. Qb5 Qa6 23. Qxa6 bxa6 24. Nd5 Bxd5 25. exd5 g6 26. Rc6 Rxc6 27.
dxc6 Rc8 28. Rc1 d3 29. Bxd3 Bxb2 30. Bxa6 Bxc1 31. Bxc8 Bd2 32. Kf1 Kf8 33.
Ke2 Ba5 34. Kd3 Ke7 35. Ke4 Bb6 36. f3 a5 37. a4 Bc7 38. Ba6 h6 39. Bd3 f5+ 40.
Kd5 Kf6 41. f4 Ke7 42. g3 Kf6 43. Ba6 g5 44. Bc8 gxf4 45. gxf4 Bb8 46. Ba6 Bc7
47. Bd3 Bb8 48. h4 Bc7 49. h5 Bb8 50. Kc4 d5+ 51. Kb5 Bc7 52. Ka6 Ke7 53. Bxf5
Kd8 54. Bd3 Bxf4 55. Kxa5 Kc7 56. Kb5 Be3 57. Be2 Ba7 58. Bf3 Be3 59. Bxd5 Ba7
60. Bf3 Bf2 61. Be4 Bg1 62. Kc4 Kd6 63. a5 Bf2 64. Kd3 Be1 65. a6 Bf2 66. Ke2
Ba7 67. Kf3 Kc7 68. Kg4 Kb6 69. Kf5 Bb8 70. Kg6 Bf4 71. c7 Bxc7 72. Kxh6 Kxa6
1/2-1/2

[Event "Quebec op"]
[Site "Montreal CAN"]
[Date "2016.07.29"]
[Round "8.11"]
[White "Poulin, Maurice"]
[Black "Taborsky, Rostislav"]
[Result "1/2-1/2"]
[WhiteElo "1954"]
[BlackElo "2180"]
[PlyCount "108"]
[EventDate "2016.07.23"]
[EventType "swiss"]
[EventRounds "8"]
[EventCountry "CAN"]

1. e4 c5 2. Nf3 e6 3. Nc3 a6 4. g3 b5 5. d3 Bb7 6. Bg2 d6 7. O-O Nd7 8. Qe2
Ngf6 9. Bf4 e5 10. Bg5 Be7 11. Bxf6 Bxf6 12. Nd2 O-O 13. a4 b4 14. Ncb1 Nb8 15.
c3 Nc6 16. Nc4 Bc8 17. Ne3 Be6 18. Nd2 Rb8 19. Ndc4 g6 20. Nd5 Bxd5 21. exd5
Na5 22. Nxa5 Qxa5 23. c4 b3 24. Ra3 Rb4 25. Qd2 Bg7 26. h4 Qd8 27. h5 f5 28.
hxg6 hxg6 29. Bf3 Qf6 30. Rb1 e4 31. dxe4 Rxc4 32. Rxb3 Rxa4 33. exf5 Qxf5 34.
Re1 Rd4 35. Qe2 Be5 36. Re3 Rb4 37. Be4 Qg5 38. b3 Bd4 39. Rf3 Rbb8 40. Kg2
Rbe8 41. Rxf8+ Rxf8 42. f3 Kg7 43. Rf1 Qe3 44. Qxe3 Bxe3 45. Bd3 Rb8 46. Bc4 a5
47. Ra1 Re8 48. f4 Kf8 49. Re1 Bd4 50. Re6 Rxe6 51. dxe6 Bf6 52. Kf3 Ke7 53. g4
g5 54. fxg5 Bxg5 1/2-1/2

[Event "Quebec op"]
[Site "Montreal CAN"]
[Date "2016.07.29"]
[Round "8.12"]
[White "Luksza, Arkadiusz"]
[Black "Vorobev, Alexander"]
[Result "0-1"]
[WhiteElo "2129"]
[BlackElo "1900"]
[PlyCount "56"]
[EventDate "2016.07.23"]
[EventType "swiss"]
[EventRounds "8"]
[EventCountry "CAN"]

1. d4 d5 2. c4 e6 3. Nc3 Nf6 4. Nf3 Be7 5. Bf4 c6 6. e3 Nbd7 7. h3 O-O 8. Qc2
a6 9. c5 b6 10. cxb6 Qxb6 11. Be2 c5 12. O-O cxd4 13. exd4 Bb7 14. Na4 Qa7 15.
b4 Bxb4 16. Qb3 Be7 17. Rab1 Bc6 18. Rfc1 Rfc8 19. Nc3 Ne4 20. a4 Bd6 21. Ne5
Qxd4 22. Nxe4 Bxe5 23. Bxe5 Qxe4 24. Bxg7 Kxg7 25. Qg3+ Qg6 26. Qc3+ Nf6 27.
Bd3 d4 28. Qxd4 Qxg2# 0-1

[Event "Quebec op"]
[Site "Montreal CAN"]
[Date "2016.07.29"]
[Round "8.13"]
[White "Jacquet, Stephane"]
[Black "Allard, Laurent"]
[Result "1/2-1/2"]
[WhiteElo "1969"]
[BlackElo "2040"]
[PlyCount "92"]
[EventDate "2016.07.23"]
[EventType "swiss"]
[EventRounds "8"]
[EventCountry "CAN"]

1. d4 Nf6 2. c4 g6 3. Nc3 Bg7 4. e4 d6 5. Nf3 O-O 6. Be2 e5 7. O-O Nc6 8. d5
Ne7 9. Ne1 Ne8 10. Be3 f5 11. f3 f4 12. Bf2 g5 13. Rc1 Ng6 14. c5 Rf7 15. cxd6
cxd6 16. a4 Nf6 17. Nd3 h5 18. h3 Bf8 19. Nb5 g4 20. hxg4 hxg4 21. fxg4 Nxe4
22. Qc2 Nxf2 23. Nxf2 Nh4 24. Nc7 Rb8 25. Ne4 Rg7 26. Ne6 Bxe6 27. dxe6 d5 28.
Rcd1 Qb6+ 29. Nf2 Qxe6 30. Rxd5 Nxg2 31. Bc4 Ne3 32. Rd8 Nxc4 33. Rxb8 Nd6 34.
Re1 e4 35. Rxe4 Nxe4 36. Qxe4 Qxe4 37. Nxe4 Rxg4+ 38. Kf2 Rg7 39. Nc5 Kf7 40.
Rxb7+ Kg6 41. Rxg7+ Bxg7 42. Nd3 Kf5 43. Kf3 Bd4 44. b4 Bc3 45. b5 Ke6 46. a5
Kd5 1/2-1/2

[Event "Quebec op"]
[Site "Montreal CAN"]
[Date "2016.07.29"]
[Round "8.14"]
[White "Johnson, Nicholas"]
[Black "Doubleday, William"]
[Result "1/2-1/2"]
[WhiteElo "1992"]
[BlackElo "1981"]
[PlyCount "85"]
[EventDate "2016.07.23"]
[EventType "swiss"]
[EventRounds "8"]
[EventCountry "CAN"]

1. c4 e6 2. g3 d5 3. Bg2 Nf6 4. Nf3 dxc4 5. Na3 a6 6. Nxc4 b5 7. Nce5 Ra7 8.
Ng5 c5 9. O-O Ng4 10. Ngxf7 Rxf7 11. Nxg4 Bd6 12. d3 O-O 13. a4 Qb6 14. axb5
axb5 15. Bd2 Nc6 16. h3 Nd4 17. Bc3 Bb7 18. Bxd4 cxd4 19. Nh2 h5 20. Bxb7 Qxb7
21. Nf3 h4 22. g4 Rxf3 23. exf3 Rxf3 24. Qe2 Qd5 25. Qe4 Qxe4 26. dxe4 Rxh3 27.
Ra6 Bf4 28. Rxe6 Rb3 29. g5 Kf7 30. Rb6 d3 31. g6+ Ke7 32. Ra1 d2 33. Kf1 Rxb2
34. Ke2 h3 35. Rb7+ Ke6 36. Rxg7 h2 37. Rh7 d1=Q+ 38. Kxd1 Rxf2 39. g7 Rg2 40.
Ra2 Rxg7 41. Raxh2 Rg1+ 42. Kc2 Bxh2 43. Rxh2 1/2-1/2

[Event "Quebec op"]
[Site "Montreal CAN"]
[Date "2016.07.29"]
[Round "8.15"]
[White "Nikulich, Oleksandr"]
[Black "Huang, Qiuyu"]
[Result "1-0"]
[WhiteElo "1984"]
[BlackElo "1964"]
[PlyCount "175"]
[EventDate "2016.07.23"]
[EventType "swiss"]
[EventRounds "8"]
[EventCountry "CAN"]

1. e4 c5 2. Ne2 Nc6 3. d4 cxd4 4. Nxd4 g6 5. c4 Bg7 6. Be3 Nf6 7. Nc3 d6 8. Be2
O-O 9. O-O Nxd4 10. Bxd4 Bd7 11. f3 Bc6 12. Qd2 a5 13. b3 Nd7 14. Be3 Nc5 15.
Rab1 Qb6 16. Rfc1 Rfc8 17. Kh1 Qd8 18. Bg1 h5 19. Rc2 Kh7 20. Be3 Qf8 21. Nd5
Rd8 22. Qe1 e6 23. Nc3 Qe7 24. Rd1 Be5 25. Nb5 Bxb5 26. cxb5 b6 27. f4 Bg7 28.
Bf3 Ra7 29. Qe2 Rad7 30. f5 Be5 31. Qf2 exf5 32. exf5 Qf6 33. Bc6 Re7 34. fxg6+
fxg6 35. Qxf6 Bxf6 36. Bg1 Bg5 37. g3 Rf8 38. Kg2 Re6 39. h4 Be3 40. Re2 Bxg1
41. Rxe6 Nxe6 42. Kxg1 Rd8 43. Re1 Nc5 44. Re7+ Kh6 45. Kf2 Rf8+ 46. Ke2 g5 47.
hxg5+ Kxg5 48. Bf3 Rf5 49. Rg7+ Kf6 50. Rh7 Re5+ 51. Kf1 Kg6 52. Rh8 Ne6 53.
Bc6 Rf5+ 54. Kg2 Rf8 55. Be8+ Kf6 56. Rxf8+ Nxf8 57. Bxh5 Ne6 58. Kf2 Ke5 59.
Ke3 d5 60. Be2 Ng5 61. Bd3 d4+ 62. Kf2 Kf6 63. g4 Ne6 64. Kf3 Nc5 65. Bb1 Kg5
66. Bf5 Kf6 67. Kf4 Ke7 68. g5 Kf7 69. Ke5 d3 70. Kd4 d2 71. g6+ Kg7 72. Bc2
d1=Q+ 73. Bxd1 Kxg6 74. Kd5 Kf7 75. Kc6 Ke7 76. Kxb6 Kd6 77. Kxa5 Kc7 78. b6+
Kb7 79. Bf3+ Kb8 80. Kb5 Nd7 81. a4 Ne5 82. Be4 Nf7 83. Bd5 Nd6+ 84. Kc5 Nc8
85. a5 Ne7 86. a6 Nc8 87. b4 Na7 88. bxa7+ 1-0

[Event "Quebec op"]
[Site "Montreal CAN"]
[Date "2016.07.29"]
[Round "8.16"]
[White "Gauthier, Denis"]
[Black "Bouchard, Jean-Marc"]
[Result "0-1"]
[WhiteElo "1832"]
[BlackElo "1866"]
[PlyCount "77"]
[EventDate "2016.07.23"]
[EventType "swiss"]
[EventRounds "8"]
[EventCountry "CAN"]

1. d4 e6 2. c4 d5 3. Nc3 c6 4. e4 dxe4 5. Nxe4 Bb4+ 6. Bd2 Qxd4 7. Bxb4 Qxe4+
8. Ne2 Nd7 9. Qd6 Qxc4 10. Nc3 Qh4 11. Rd1 Qe7 12. Qf4 c5 13. Ba3 Ngf6 14. Nb5
O-O 15. Be2 Nd5 16. Qg3 b6 17. O-O N7f6 18. Bf3 Ba6 19. Be2 Bxb5 20. Bxb5 Rad8
21. Bd3 Rd7 22. Bb5 Rd6 23. Rde1 Rfd8 24. Bc4 Qb7 25. b3 Ne8 26. Bb2 Ndf6 27.
Bb5 Kf8 28. Qh4 h6 29. g4 Qf3 30. Be2 Qe4 31. f3 Qc2 32. Be5 Rd2 33. Bb5 Rd1
34. g5 Rxe1 35. Rxe1 Qg6 36. f4 Nh7 37. Bc6 hxg5 38. Qh3 gxf4+ 39. Kh1 0-1

[Event "Quebec op"]
[Site "Montreal CAN"]
[Date "2016.07.29"]
[Round "8.17"]
[White "Steinberg, Ellis"]
[Black "Babb, Jeff"]
[Result "0-1"]
[WhiteElo "1581"]
[BlackElo "2096"]
[PlyCount "80"]
[EventDate "2016.07.23"]
[EventType "swiss"]
[EventRounds "8"]
[EventCountry "CAN"]

1. e4 e5 2. Nf3 Nc6 3. Bb5 a6 4. Ba4 Nf6 5. O-O Nxe4 6. d4 b5 7. Bb3 d5 8. dxe5
Be6 9. Nbd2 Nc5 10. c3 Be7 11. Bc2 Qd7 12. Nb3 Rd8 13. Re1 Bf5 14. Bf4 Bxc2 15.
Qxc2 Ne6 16. Bg3 O-O 17. Rad1 Rfe8 18. Nbd4 Ncxd4 19. Nxd4 c6 20. f4 Nxd4 21.
cxd4 g6 22. Rf1 f5 23. exf6 Bxf6 24. f5 g5 25. Qd2 Qg7 26. Be5 h6 27. Rde1 Bxe5
28. dxe5 Rxe5 29. f6 Qa7+ 30. Kh1 Rxe1 31. Rxe1 Rf8 32. Re6 Qh7 33. Rxc6 Qb1+
34. Rc1 Qf5 35. h4 Rxf6 36. hxg5 hxg5 37. Qd4 Qe6 38. Rd1 Kh7 39. Qxd5 Rh6+ 40.
Kg1 Qe3+ 0-1

[Event "Quebec op"]
[Site "Montreal CAN"]
[Date "2016.07.29"]
[Round "8.18"]
[White "Cloutier, Mathieu"]
[Black "Saha, Ananda"]
[Result "0-1"]
[WhiteElo "1993"]
[BlackElo "1851"]
[PlyCount "68"]
[EventDate "2016.07.23"]
[EventType "swiss"]
[EventRounds "8"]
[EventCountry "CAN"]

1. e4 c5 2. Nf3 e6 3. d4 cxd4 4. Nxd4 a6 5. Nc3 Qc7 6. Bd3 Nf6 7. Be3 d6 8. Qe2
Be7 9. f4 Nbd7 10. g4 O-O 11. g5 Ne8 12. f5 Ne5 13. Rg1 b5 14. a3 d5 15. exd5
Nxd3+ 16. Qxd3 exf5 17. Nxf5 Bxf5 18. Qxf5 Nd6 19. Qf3 Nc4 20. Bf4 Qb6 21.
O-O-O b4 22. Na4 Qb5 23. b3 bxa3 24. bxc4 Qxa4 25. Qb3 Qa5 26. Kb1 Bc5 27. Rge1
Bb4 28. Re3 Bd2 29. Bd6 Rfd8 30. Re2 Rxd6 31. Rexd2 Rb6 32. d6 Rxb3+ 33. cxb3
Qc3 34. Ka2 Rb8 0-1

[Event "Quebec op"]
[Site "Montreal CAN"]
[Date "2016.07.29"]
[Round "8.19"]
[White "Barre, Michel"]
[Black "Forget, Luc"]
[Result "1/2-1/2"]
[WhiteElo "1942"]
[BlackElo "1986"]
[PlyCount "75"]
[EventDate "2016.07.23"]
[EventType "swiss"]
[EventRounds "8"]
[EventCountry "CAN"]

1. Nf3 d5 2. c4 Nf6 3. b3 e6 4. g3 c5 5. Bg2 Be7 6. e3 O-O 7. O-O Nc6 8. Bb2
Rb8 9. Qe2 dxc4 10. bxc4 b6 11. Nc3 Bb7 12. Rfd1 Qc8 13. Rac1 Rd8 14. d4 cxd4
15. exd4 Na5 16. Nb5 a6 17. Ba3 Bxa3 18. Nxa3 Qc6 19. Ne1 Qa4 20. Qb2 Bxg2 21.
Nxg2 Rb7 22. Ne3 Rbd7 23. Nb1 Rd6 24. Nc3 Qd7 25. Ne2 Nc6 26. c5 bxc5 27. dxc5
Rxd1+ 28. Rxd1 Qc7 29. Rxd8+ Nxd8 30. Qa3 Ne4 31. Qxa6 Nxc5 32. Qa8 h6 33. Nd4
Qd7 34. Nb3 Nxb3 35. axb3 Kh7 36. b4 Nb7 37. Qa6 g6 38. Qc4 1/2-1/2

[Event "Quebec op"]
[Site "Montreal CAN"]
[Date "2016.07.29"]
[Round "8.20"]
[White "Saine, Zachary"]
[Black "Bora, Yagiz"]
[Result "0-1"]
[WhiteElo "1680"]
[BlackElo "1918"]
[PlyCount "60"]
[EventDate "2016.07.23"]
[EventType "swiss"]
[EventRounds "8"]
[EventCountry "CAN"]

1. e4 d6 2. d4 Nf6 3. Nc3 e5 4. dxe5 dxe5 5. Bg5 Nbd7 6. Nf3 Be7 7. g3 O-O 8.
Bg2 c6 9. O-O h6 10. Be3 Qc7 11. h3 Bc5 12. Qe2 b5 13. a3 Bxe3 14. Qxe3 Nb6 15.
Nd2 Bb7 16. f4 Rfe8 17. f5 Nbd7 18. Kh2 Qb6 19. Qf3 c5 20. b4 cxb4 21. axb4
Rac8 22. Rae1 Qd4 23. Ndb1 Qxb4 24. h4 h5 25. Bh3 Rc4 26. Rf2 Nxe4 27. Nxe4
Qxe1 28. Nbd2 Rxe4 29. Qg2 Rf4 30. Nf3 Rxf3 0-1

[Event "Quebec op"]
[Site "Montreal CAN"]
[Date "2016.07.29"]
[Round "8.21"]
[White "Goldner, John"]
[Black "Lafleche, Alain"]
[Result "1/2-1/2"]
[WhiteElo "1818"]
[BlackElo "1749"]
[PlyCount "144"]
[EventDate "2016.07.23"]
[EventType "swiss"]
[EventRounds "8"]
[EventCountry "CAN"]

1. e4 e5 2. Nf3 Nc6 3. Bc4 Nf6 4. d4 exd4 5. e5 Ne4 6. O-O Be7 7. c3 d5 8. Bb5
dxc3 9. Bxc6+ bxc6 10. Nd4 Bb7 11. f3 Ng5 12. Nxc3 O-O 13. f4 Ne4 14. Nxe4 dxe4
15. Qa4 Qd5 16. Be3 Bc5 17. Rad1 Rad8 18. Kh1 Bb6 19. Nf5 Qb5 20. Ne7+ Kh8 21.
Qxe4 Rd7 22. Bxb6 cxb6 23. a4 Qa6 24. Nf5 Rd2 25. Nd6 Ba8 26. Qc4 Qxc4 27. Nxc4
Rc2 28. b3 b5 29. Rd2 Rxd2 30. Nxd2 Rd8 31. Ne4 bxa4 32. Nd6 Kg8 33. bxa4 Rb8
34. Rd1 Kf8 35. h4 g6 36. Rc1 Ke7 37. Rc5 Ke6 38. Ra5 Rb1+ 39. Kh2 c5 40. Rxa7
Bd5 41. Nb5 Bc6 42. Ra6 Kd7 43. Ra7+ Kd8 44. Rxf7 Bxb5 45. axb5 c4 46. Rf6 Rxb5
47. Rd6+ Ke7 48. Rc6 Rb4 49. Kg3 Kd7 50. Rc5 h5 51. Kf3 Ke6 52. Rc6+ Kf7 53.
Ke3 Kg7 54. Kf3 Kf7 55. Ke3 Ra4 56. Kd4 c3+ 57. Kxc3 Rxf4 58. g3 Rf3+ 59. Kd4
Rxg3 60. Rf6+ Kg7 61. Rf4 Rg4 62. Ke4 g5 63. hxg5 Rxg5 64. e6 Rg1 65. Kf5 Rg4
66. Rf1 Kf8 67. Rh1 Rg2 68. Rxh5 Ke7 69. Rh7+ Ke8 70. Ke5 Re2+ 71. Kd6 Rd2+ 72.
Ke5 Re2+ 1/2-1/2

[Event "Quebec op U1200"]
[Site "Montreal CAN"]
[Date "2016.07.23"]
[Round "1.93"]
[White "Roussel, Lauriane"]
[Black "Navala, Anthony"]
[Result "1-0"]
[WhiteElo "1159"]
[BlackElo "962"]
[PlyCount "65"]
[EventDate "2016.07.23"]
[EventType "swiss"]
[EventRounds "8"]
[EventCountry "CAN"]

1. e4 e6 2. d4 d5 3. exd5 exd5 4. Nf3 Be7 5. Nc3 Nf6 6. Bf4 a6 7. Bd3 Bd7 8.
O-O O-O 9. Be5 c6 10. Re1 Bg4 11. h3 Be6 12. Ng5 Nbd7 13. Bxf6 Nxf6 14. Nxe6
fxe6 15. Rxe6 Qd7 16. Bf5 Qd8 17. Qe2 Re8 18. Re1 Kf8 19. Qd3 Kg8 20. Ne2 Qc7
21. c4 Rad8 22. Nc3 Rd7 23. Rxf6 dxc4 24. Qxc4+ Rd5 25. Be6+ Kh8 26. Bxd5 cxd5
27. Qxc7 gxf6 28. Rxe7 Rxe7 29. Qxe7 h6 30. Qxf6+ Kg8 31. Nxd5 b6 32. Ne7+ Kh7
33. Nf5 1-0

[Event "Quebec op U1200"]
[Site "Montreal CAN"]
[Date "2016.07.23"]
[Round "1.94"]
[White "Philogene, Joliet"]
[Black "Craciun, David"]
[Result "0-1"]
[WhiteElo "923"]
[BlackElo "1135"]
[PlyCount "70"]
[EventDate "2016.07.23"]
[EventType "swiss"]
[EventRounds "8"]
[EventCountry "CAN"]

1. e4 e5 2. Nf3 Nc6 3. Nc3 Nf6 4. d4 exd4 5. Nxd4 Bb4 6. Bc4 O-O 7. O-O Bxc3 8.
bxc3 Nxe4 9. Bb2 d5 10. Bd3 Ne5 11. c4 Nxc4 12. Bxc4 dxc4 13. c3 Nc5 14. Qe2
Nd3 15. Rad1 Qg5 16. Nf3 Qg6 17. g3 Bg4 18. Qe3 Rfe8 19. Qg5 Bxf3 20. h4 Qe4
21. h5 Bh1 22. f3 Bxf3 23. h6 Qg4 24. Qxg7+ Qxg7 25. hxg7 Bc6 26. Rf6 Re2 27.
Rdf1 Rg2+ 28. Kh1 Rxb2+ 29. Kg1 Rg2+ 30. Kh1 Rxg3+ 31. Kh2 Rg2+ 32. Kh3 Rxg7
33. Kh4 Re8 34. R1f5 Re2 35. Kh3 Bd7 0-1